000 01016nam a22003017a 4500
003 DO-SdBNP
005 20221111102533.0
008 171121b1988 sp| 00| 0 spa d
020 _a8474233747
040 _aBPMSU
_bspa
_cBPMSU
082 4 _a523.1
_bH392h 1988
_222
100 1 _aHawking, Stephen William,
_d1942-2018.
245 1 0 _aHistoria del tiempo :
_bdel big bang a los agujeros negros /
_cStephen W. Hawking ; introducción de Carl Sagan ; traducción castellana de Miguel Ortuño.
250 _a3a ed.
260 _aBarcelona :
_bCrítica,
_c1988.
300 _a245 p. :
_bil. ;
_c24 cm.
490 0 _aMayor
500 _3Incluye índice
534 _aTítulo original :
_tBrief history of time. From the big bang to black holes
590 _6Inventariado, 2022/VM
650 4 _xHistoria.
_acosmología
_2
650 4 _aTiempo
_x Historia.
700 1 2 _aSagan, Carl,
_eintrod.
700 1 2 _aOrtuño, Miguel,
_etr.
830 0 _aMayor
910 _aLOPEREZ/ VMateo V. /Validado
942 _2ddc
_cBK
999 _c12971
_d12971